Responses for show #5807 - Tuesday, December 8, 2009

Dave Belote game 5.

Contestants

Paul Lavrakas, a playwright from Annandale, Virginia

Angie Harrison, a scholarship program coordinator from Baltimore, Maryland

Dave Belote, the base commander from Nellis Air Force Base, Las Vegas (whose 4-day cash winnings total $107,200)

Jeopardy! Round responses

ANATOMY
DUDE, YOU'RE A SONG!
ALWAYS SAY NEVER
L____O
AN ARTHUR BEE
THEN THERE'S MAUVE
    $200 1
the cornea

Dave
    $200 6
Jude

Dave
    $200 21
cheaters

Triple Stumper
    $200 11
a lasso

Dave
    $200 16
Chester Arthur

Dave
    $200 26
Japan

Dave
    $400 2
(Dave: What is brachial?)
(Paul: Uh, what is scapular?)

the jugular

DavePaul
Triple Stumper
    $400 7
Jack

Angie
    $400 22
Old soldiers never die

Dave
    $400 12
libido

Paul
    $400 17
Arthur Ashe

Dave
    $400 27
a dye

Paul
    $600 3
(Dave: What is the ilium?)

the hip bone

Dave
Triple Stumper
    $600 8
Johnny B. Goode

Dave
    $600 23
(Dave: What is live to see another day?)

live to fight another day

Dave
Triple Stumper
    $600 13
limbo

Dave
    $600 18
King Arthur

Dave
    $600 28
the Netherlands

Angie
    $1,000 4
the ankle

Dave
    $800 9
Casey Jones

Angie
    $800 24
(Rudyard) Kipling

Paul
    $800 14
legato

Paul
    $800 19
Arthur C. Clarke

Dave
    $800 29
lipsticks

Angie
    $1000 5
the stomach

Paul
    $1000 10
Jeremy

Angie
    $1000 25
(Paul: What is a lark?)
(Angie: What's a nightingale?)

a skylark

AngiePaul
Triple Stumper
    $1000 15
lothario

Angie
    $1000 20
(Alex: You know your Arthurs. Well done.)
[Applause for Dave's run of the category]

Arthur Fiedler

Dave
    $1000 30
Henry James

Paul

Scores at the first commercial break (after clue 15):

Dave Angie Paul
$1,800 $3,200 $1,800

Scores at the end of the Jeopardy! Round:

Dave Angie Paul
$4,800 $3,600 $3,000

Double Jeopardy! Round responses

ISLANDS
CALENDAR GIRLS
19th CENTURY SCRAPBOOK
POLITICAL TALK
BORN IN DUBLIN
CALL ME A"LEX"
    $400 11
the Shetlands

Dave
    $400 6
Elly May

Paul
    $400 16
the Washington Monument

Dave
    $400 21
horses

Angie
    $400 1
Wellington

Dave
    $400 26
a triplex

Dave
    $800 12
Taiwan

Dave
    $800 7
(Alex: Remember, we're dealing with calendar girls. It would be helpful if you gave us the calendar month.)

(June) Carter (Cash)

Paul
    $800 17
(Louisa May) Alcott

Dave
    $800 22
(Dave: What's a native son?)

a favorite son

DaveAngie
    $800 2
George Bernard Shaw

Angie
    $800 27
flexible

Dave
    $1200 13
the Antilles

Angie
    $1200 8
April (Burns)

Angie
    $1200 18
Churchill

Dave
    $1200 23
a constructionist

Angie
    $1200 3
Maureen O'Hara

Paul
    $1200 28
a lexicographer

Paul
    $1600 14
St. Kitts

Triple Stumper
    $1600 9
June Allyson

Paul
    $1600 19
Mendeleyev

Paul
    $5,000 24
(Alex: Angie?)
(Angie: What is a caucus?)
(Alex: No. The League of Women Voters, of course, sponsor many presidential [*]. And they're not in favor of empty chair [*], because it's only one person who gets to do the talking. So you lost a bit, and we have a minute to go. Select again.)

debates

Angie
    $1600 4
Swift

Dave
    $1600 29
complex

Dave
    $3,000 15
the Cyclades

Angie
    $2000 10
the Star Wars series

Dave
    $2000 20
(Otto von) Bismarck

Dave
    $2000 25
a rider

Paul
    $2000 5
Victor Herbert

Paul
    $2000 30
Plexiglas

Dave

Scores at the end of the Double Jeopardy! Round:

Dave Angie Paul
$18,400 $7,200 $13,800

[wagering suggestions for these scores]

Final Jeopardy! Round responses

LITERATURE OF THE 1800s
(Alex: And this character, very much in the news these days because of the time of year and because of a new film that's been released recently.)
AngieWho is Scrooge?
$7,200
PaulWho is Time Traveler?
$13,799
DaveWho was Scrooge?
$9,201
Ebenezer Scrooge

Final scores:

Dave Angie Paul
$27,601 $14,400 $1
5-day champion: $134,801 2nd place: $2,000 3rd place: $1,000

Game dynamics:

Coryat scores:

Dave Angie Paul
$18,200 $11,200 $13,800
26 R
(including 1 DD),
4 W
13 R
(including 1 DD),
2 W
(including 1 DD)
14 R,
2 W

Combined Coryat: $43,200

The J! Archive is created by fans, for fans. The Jeopardy! game show and all elements thereof, including but not limited to copyright and trademark thereto, are the property of Jeopardy Productions, Inc. and are protected under law. This website is not affiliated with, sponsored by, or operated by Jeopardy Productions, Inc. Join the discussion at JBoard.tv.